Management of learning. (Record no. 34258)

MARC details
000 -LEADER
fixed length control field 00848cam a22002651 4500
001 - CONTROL NUMBER
control field hew60000096
003 - CONTROL NUMBER IDENTIFIER
control field DLC
005 - DATE AND TIME OF LATEST TRANSACTION
control field 20260227111510.0
008 - FIXED-LENGTH DATA ELEMENTS--GENERAL INFORMATION
fixed length control field 750408s1960 dcu 000 0 eng
010 ## - LIBRARY OF CONGRESS CONTROL NUMBER
LC control number hew60000096
035 ## - SYSTEM CONTROL NUMBER
System control number (OCoLC)1260971
040 ## - CATALOGING SOURCE
Original cataloging agency DLC
Transcribing agency TxU-Da
Modifying agency ISS
-- OCoLC
-- DLC
042 ## - AUTHENTICATION CODE
Authentication code premarc
050 00 - LIBRARY OF CONGRESS CALL NUMBER
Classification number LB2341
Item number .D8
082 ## - DEWEY DECIMAL CLASSIFICATION NUMBER
Classification number 378.1
086 0# - GOVERNMENT DOCUMENT CLASSIFICATION NUMBER
Classification number FS 5.250:50013
100 1# - MAIN ENTRY--PERSONAL NAME
Personal name Duryea, Edwin D.
245 10 - TITLE STATEMENT
Title Management of learning.
260 ## - PUBLICATION, DISTRIBUTION, ETC.
Place of publication, distribution, etc. [Washington]
Name of publisher, distributor, etc. U.S. Dept. of Health, Education, and Welfare, Office of Education
Date of publication, distribution, etc. [1960]
300 ## - PHYSICAL DESCRIPTION
Extent v, 37 p.
Dimensions 23 cm.
410 10 - SERIES STATEMENT/ADDED ENTRY--CORPORATE NAME [OBSOLETE, CAN/MARC], [LOCAL, USA]
Corporate name or jurisdiction name as entry element United States.
Subordinate unit Office of Education.
-- Division of Higher Education.
Title of a work New dimensions in higher education,
Volume number/sequential designation no. 5
500 ## - GENERAL NOTE
General note "OE-50013."
650 #0 - SUBJECT ADDED ENTRY--TOPICAL TERM
Topical term or geographic name entry element Universities and colleges
General subdivision Administration.
650 #0 - SUBJECT ADDED ENTRY--TOPICAL TERM
Topical term or geographic name entry element Education, Higher.

No items available.

Powered by Koha